00871nam a22002537a 4500003000900000005001700009008002700026020001500053040002600068082002700094100002700121245004800148250001200196260004300208300003000251490002000281500005800301590002600359650003500385910004100420942001200461952012700473999001700600DO-SdBPM20250206092820.01707141999 sp 00| 0 spa d a8439287941 aDO-SdBPMbspa cBPMSU 4a863.6 bP977m 19992221 aPuerto, Carlos d1942-13aEl mensajero del tiempo / c Carlos Puerto  a3a. ed. aMadrid : bEdiciones Gaviota, c1999. a127 p. : bil. ; c20 cm.0 aGaviota Junior  aEdad de lectura recomendada a partir de los 8 años. aInventariado, 2025/VM aCuentos infantiles españoles aVMateo V. Control de dalidad. BPMSU  2ddccBK 00102ddc40708CI-GaBPMETbBPMETd2025-02-06l0oBPMSU CGI 863.6 P977m 1999pBPMSU25020010r2025-02-06w2025-02-06yBK c14933d14933